Chìa khóa hạnh phúc / (Record no. 10108)
[ view plain ]
| 000 -Đầu biểu | |
|---|---|
| 00415nam a22001697a 4500 | |
| 005 - Thời gian tạo/Chỉnh sửa | |
| 20230807150114.0 | |
| 008 - Cấu thành dữ liệu có độ dài cố định -- Thông tin chung | |
| 230807b2020 vm ||||| |||| 00| 0 vie d | |
| 020 ## - Chỉ số ISBN | |
| Số ISBN | 9786047783243 |
| 041 ## - Mã ngôn ngữ | |
| Mã ngôn ngữ chính văn | vie |
| 082 ## - Chỉ số phân loại DDC | |
| Chỉ số cutter | NG-A |
| 100 ## - Tiêu đề chính - Tên cá nhân | |
| Tên cá nhân | Nguyễn Anh Dũng |
| 245 ## - Nhan đề và thông tin trách nhiệm | |
| Nhan đề | Chìa khóa hạnh phúc / |
| 260 ## - Địa chỉ xuất bản | |
| Nơi xuất bản | Tp. HCM : |
| Nhà xuất bản | Thế Giới, |
| Năm xuất bản, phát hành | 2020 |
| 300 ## - Mô tả vật lý | |
| Số trang | 154 tr. ; |
| Khổ cỡ | 20 cm. |
| 911 ## - Thông tin người biên mục | |
| Người nhập | Yến |
| 942 ## - Dạng tài liệu (KOHA) | |
| Nguồn phân loại | |
| Kiểu tài liệu | Sách tham khảo |
No items available.



